Money, Banking, and Financial Institutions: Canada in the Global Environment (Record no. 6069)

MARC details
005 - DATE AND TIME OF LATEST TRANSACTION
control field 20250628145200.0
020 ## - INTERNATIONAL STANDARD BOOK NUMBER
International Standard Book Number 0-07-095159-4
082 ## - DEWEY DECIMAL CLASSIFICATION NUMBER
Classification number 332.10971 SIK
100 ## - MAIN ENTRY--PERSONAL NAME
Author name SIKLOS P. L
245 ## - TITLE STATEMENT
Title Money, Banking, and Financial Institutions: Canada in the Global Environment
250 ## - EDITION STATEMENT
Edition statement 5th Ed.
260 ## - PUBLICATION, DISTRIBUTION, ETC.
Place of publication, distribution, etc. Toronto
Name of publisher, distributor, etc. McGraw-Hill Ryerson
Date of publication, distribution, etc. 2004
300 ## - PHYSICAL DESCRIPTION
Extent xxvii; 563Pages; Index
Dimensions 23cm
942 ## - ADDED ENTRY ELEMENTS (KOHA)
Source of classification or shelving scheme Dewey Decimal Classification
Koha item type Books
Holdings
Date last seen Total checkouts Full call number Barcode Cost, replacement price Price effective from Koha item type Lost status Source of classification or shelving scheme Damaged status Not for loan Withdrawn status Home library Current library Shelving location Date acquired Source of acquisition Cost, normal purchase price
06/28/2025   332.1 SIK DOM000506 90000.00 06/28/2025 Books   Dewey Decimal Classification       CBE Dodoma CBE Dodoma Reference Collection 09/17/1997 Library Budget 30000.00
06/29/2025   332.1 SIK DOM0003261 90000.00 06/28/2025 Books   Dewey Decimal Classification       CBE Dodoma CBE Dodoma General Collection 09/17/1997 Library Budget 30000.00